[Event "Aegean op 33rd"]
[Site "Aghios Kirykos"]
[Date "2010.07.19"]
[Round "7"]
[White "Avramopoulos, Periklis"]
[Black "Karamalis, Georgios"]
[Result "0-1"]
[WhiteElo "1684"]
[BlackElo "2084"]
[PlyCount "68"]
[EventDate "2010.07.13"]
[EventType "swiss"]
[EventRounds "9"]
[EventCountry "GRE"]
[SourceTitle "CBM 137 Extra"]
[Source "ChessBase"]
[SourceDate "2010.09.01"]
[SourceVersion "1"]
[SourceVersionDate "2010.09.01"]
[SourceQuality "1"]

1. e4 c5 2. d4 cxd4 3. c3 d3 4. Bxd3 Nc6 5. Nf3 d6 6. h3 g6 7. 0-0 Bg7 8. Bf4 Qb6 9. Qc2 Nf6 10. Nbd2 0-0 11. e5 Nd5 12. Bg3 Nxe5 13. Nxe5 dxe5 14. Nf3 Nf4 15. Bxf4 exf4 16. h4 Bg4 17. Ng5 Bf6 18. Rae1 Bxg5 19. hxg5 Qc5 20. Qb3 Qxg5 21. Qxb7 e6 22. Be2 Rab8 23. Qxa7 Rxb2 24. f3 Bf5 25. Qa3 Rfb8 26. c4 Bb1 27. c5 Rxa2 28. Rxb1 Rxa3 29. Rxb8+ Kg7 30. c6 Qe5 31. Rb2 Qxb2 32. c7 Qxe2 33. c8Q Ra2 34. Qc3+ e5 0-1

[Event "Aegean op 33rd"]
[Site "Aghios Kirykos"]
[Date "2010.07.18"]
[Round "6"]
[White "Avramopoulos, Periklis"]
[Black "Doudonis, Hristos"]
[Result "0-1"]
[WhiteElo "1684"]
[BlackElo "2031"]
[PlyCount "60"]
[EventDate "2010.07.13"]
[EventType "swiss"]
[EventRounds "9"]
[EventCountry "GRE"]
[SourceTitle "CBM 137 Extra"]
[Source "ChessBase"]
[SourceDate "2010.09.01"]
[SourceVersion "1"]
[SourceVersionDate "2010.09.01"]
[SourceQuality "1"]

1. e4 c5 2. Nf3 e6 3. Nc3 a6 4. d4 cxd4 5. Nxd4 Nc6 6. Nxc6 bxc6 7. Bc4 d5 8. exd5 cxd5 9. Bb3 Nf6 10. 0-0 Be7 11. Re1 0-0 12. Bf4 Bb7 13. Qd4 Rc8 14. Na4 Nd7 15. c3 Bc6 16. Bc2 Bxa4 17. Qxa4 Rc4 18. Bxh7+ Kxh7 19. Qc2+ g6 20. Be3 Bf6 21. Rad1 Kg7 22. Qc1 Rh8 23. f4 Nc5 24. g4 Qc7 25. g5 Bxg5 26. fxg5 Qxh2+ 27. Kf1 Qh1+ 28. Ke2 Qg2+ 29. Bf2 Re4+ 30. Kd2 Qxf2+ 0-1

[Event "Peiraikos 60th Anniv op"]
[Site "Piraeus"]
[Date "2006.09.07"]
[Round "6"]
[White "Avramopoulos, Periklis"]
[Black "Vakalis, Angelos"]
[Result "1-0"]
[WhiteElo "1240"]
[BlackElo "1010"]
[PlyCount "87"]
[EventDate "2006.09.02"]
[EventType "swiss"]
[EventRounds "7"]
[EventCountry "GRE"]
[SourceTitle "EXT 2008"]
[Source "ChessBase"]
[SourceDate "2007.11.25"]
[SourceVersion "1"]
[SourceVersionDate "2007.11.25"]
[SourceQuality "1"]

1. e4 e5 2. Nf3 Nc6 3. Bb5 Nf6 4. d3 d6 5. 0-0 Be7 6. c4 a6 7. Ba4 0-0 8. c5 Bg4 9. h3 Bxf3 10. Qxf3 Nd4 11. Qd1 dxc5 12. Nd2 b5 13. Bb3 Re8 14. Nf3 Qd7 15. Nxe5 Qd6 16. Nxf7 Qb6 17. Nd6+ Kf8 18. Nxe8 Rxe8 19. e5 Nd7 20. Bd5 Nxe5 21. Qh5 Qd6 22. f4 Qxd5 23. fxe5+ Bf6 24. Bf4 g6 25. Qh6+ Kg8 26. exf6 Nf5 27. Qg5 Re2 28. Bxc7 Qc6 29. Rxf5 Qxc7 30. f7+ Kf8 31. Qh6+ Ke7 32. f8Q+ Ke6 33. Qf6+ Kd7 34. Rd5+ Kc8 35. Qhf8+ Kb7 36. Qf3 Rxb2 37. Rxc5+ Kb6 38. Rxc7 Kxc7 39. Qg7+ Kb6 40. Qxb2 g5 41. Qbf6+ Ka5 42. Q3c6 h6 43. Qfd6 h5 44. Qa3# 1-0

[Event "Peiraikos 60th Anniv op"]
[Site "Piraeus"]
[Date "2006.09.04"]
[Round "3"]
[White "Avramopoulos, Periklis"]
[Black "Deli, Eleanna Ratzvika"]
[Result "0-1"]
[WhiteElo "1240"]
[BlackElo "1913"]
[PlyCount "60"]
[EventDate "2006.09.02"]
[EventType "swiss"]
[EventRounds "7"]
[EventCountry "GRE"]
[SourceTitle "EXT 2008"]
[Source "ChessBase"]
[SourceDate "2007.11.25"]
[SourceVersion "1"]
[SourceVersionDate "2007.11.25"]
[SourceQuality "1"]

1. e4 c5 2. Nf3 e6 3. d4 cxd4 4. Nxd4 Nc6 5. Nc3 Qc7 6. Be3 a6 7. Bd3 Nf6 8. Qd2 Bb4 9. a3 Be7 10. Nf3 0-0 11. 0-0 b5 12. b4 Bb7 13. Ne2 d5 14. e5 Ng4 15. Ng3 Ngxe5 16. Nxe5 Nxe5 17. Bf4 Bd6 18. Bh6 gxh6 19. Qxh6 f6 20. Nh5 Nxd3 21. Nxf6+ Rxf6 22. Qxf6 Nf4 23. Rae1 Rf8 24. Qh4 Qg7 25. g3 Be7 26. Qxe7 Qxe7 27. gxf4 Rxf4 28. Re3 Rg4+ 29. Kh1 d4+ 30. f3 dxe3 0-1